[Event "Campeonato de España Blitz 2017"]
[Site "Linares"]
[Date "2017.08.12"]
[Round "8"]
[White "Lopez Martinez, Josep Manuel"]
[Black "Montoliu Cervero, Francisco"]
[Result "0-1"]
[Board "11"]
[WhiteTitle "GM"]
[WhiteElo "2529"]
[WhiteCountry "ESP"]
[WhiteFideId "2212943"]
[WhiteEloChange "-8"]
[BlackTitle "FM"]
[BlackElo "2284"]
[BlackCountry "ESP"]
[BlackFideId "2214814"]
[BlackEloChange "16"]

1. e4 {[%clk 0:03:00]} c5 {[%clk 0:03:03]} 2. Nf3 {[%clk 0:03:00]} d6 {[%clk
0:03:05]} 3. d4 {[%clk 0:02:57]} cxd4 {[%clk 0:03:06]} 4. Nxd4 {[%clk 0:02:57]}
Nf6 {[%clk 0:03:07]} 5. Nc3 {[%clk 0:02:58]} g6 {[%clk 0:02:59]} 6. Be3 {[%clk
0:02:55]} Bg7 {[%clk 0:03:08]} 7. f3 {[%clk 0:02:51]} Nc6 {[%clk 0:03:09]} 8. Qd2
{[%clk 0:02:44]} O-O {[%clk 0:03:09]} 9. g4 {[%clk 0:02:43]} Be6 {[%clk 0:03:05]}
10. Nxe6 {[%clk 0:02:25]} fxe6 {[%clk 0:03:06]} 11. O-O-O {[%clk 0:02:21]} Ne5
{[%clk 0:03:02]} 12. Be2 {[%clk 0:02:21]} Qc8 {[%clk 0:02:42]} 13. g5 {[%clk
0:02:19]} Nfd7 {[%clk 0:02:37]} 14. f4 {[%clk 0:02:17]} Nc4 {[%clk 0:02:37]} 15.
Bxc4 {[%clk 0:02:17]} Qxc4 {[%clk 0:02:37]} 16. e5 {[%clk 0:02:17]} Rfc8 {[%clk
0:01:52]} 17. h4 {[%clk 0:02:10]} Nf8 {[%clk 0:01:19]} 18. Bd4 {[%clk 0:02:05]}
d5 {[%clk 0:00:46]} 19. Kb1 {[%clk 0:01:56]} b5 {[%clk 0:00:46]} 20. h5 {[%clk
0:01:54]} b4 {[%clk 0:00:40]} 21. Ne2 {[%clk 0:01:53]} Nd7 {[%clk 0:00:39]} 22.
h6 {[%clk 0:01:37]} Bh8 {[%clk 0:00:26]} 23. Rh3 {[%clk 0:01:36]} a5 {[%clk
0:00:27]} 24. c3 {[%clk 0:01:33]} b3 {[%clk 0:00:20]} 25. axb3 {[%clk 0:01:28]}
Qxb3 {[%clk 0:00:21]} 26. Nc1 {[%clk 0:01:27]} Qb5 {[%clk 0:00:22]} 27. Nd3
{[%clk 0:01:21]} Rab8 {[%clk 0:00:21]} 28. Qc2 {[%clk 0:01:08]} Rc4 {[%clk
0:00:18]} 29. Nc1 {[%clk 0:00:59]} Rbc8 {[%clk 0:00:18]} 30. Qb3 {[%clk 0:00:43]}
Qa6 {[%clk 0:00:20]} 31. Qa3 {[%clk 0:00:42]} Kf7 {[%clk 0:00:19]} 32. Rhd3
{[%clk 0:00:31]} Qc6 {[%clk 0:00:20]} 33. Nb3 {[%clk 0:00:29]} Ra4 {[%clk
0:00:17]} 34. Nxa5 {[%clk 0:00:28]} Qb5 {[%clk 0:00:18]} 35. Qb3 {[%clk 0:00:15]}
Qxa5 {[%clk 0:00:19]} 36. Kc2 {[%clk 0:00:10]} Rb8 {[%clk 0:00:20]} 0-1

[Event "Campeonato de España Blitz 2017"]
[Site "Linares"]
[Date "2017.08.12"]
[Round "8"]
[White "Arizmendi Martinez, Julen Luis"]
[Black "Jimenez Martinez, Jose Vicente"]
[Result "1-0"]
[Board "12"]
[WhiteTitle "GM"]
[WhiteElo "2514"]
[WhiteCountry "ESP"]
[WhiteFideId "2205092"]
[WhiteEloChange "2"]
[BlackTitle "FM"]
[BlackElo "2300"]
[BlackCountry "ESP"]
[BlackFideId "2264021"]
[BlackEloChange "-5"]

1. e4 {[%clk 0:03:03]} d6 {[%clk 0:03:03]} 2. d4 {[%clk 0:03:04]} g6 {[%clk
0:03:04]} 3. Nf3 {[%clk 0:03:04]} Bg7 {[%clk 0:03:05]} 4. Be2 {[%clk 0:03:06]}
Nf6 {[%clk 0:03:05]} 5. Nc3 {[%clk 0:03:07]} O-O {[%clk 0:03:06]} 6. O-O {[%clk
0:03:08]} c6 {[%clk 0:03:04]} 7. a4 {[%clk 0:03:06]} Nbd7 {[%clk 0:03:02]} 8. Bf4
{[%clk 0:03:03]} Qa5 {[%clk 0:02:37]} 9. Nd2 {[%clk 0:02:58]} e5 {[%clk 0:02:22]}
10. Nc4 {[%clk 0:02:59]} Qc7 {[%clk 0:02:23]} 11. dxe5 {[%clk 0:02:59]} dxe5
{[%clk 0:02:21]} 12. Be3 {[%clk 0:03:00]} Nb6 {[%clk 0:02:11]} 13. Qd6 {[%clk
0:02:55]} Qxd6 {[%clk 0:02:07]} 14. Nxd6 {[%clk 0:02:56]} h6 {[%clk 0:01:48]} 15.
a5 {[%clk 0:02:34]} Nbd7 {[%clk 0:01:48]} 16. Rfd1 {[%clk 0:02:22]} Nb8 {[%clk
0:01:14]} 17. Bc4 {[%clk 0:02:11]} Na6 {[%clk 0:00:52]} 18. Nxf7 {[%clk 0:01:48]}
Rxf7 {[%clk 0:00:53]} 19. Rd8+ {[%clk 0:01:49]} Bf8 {[%clk 0:00:55]} 20. Bxh6
{[%clk 0:01:49]} Be6 {[%clk 0:00:13]} 21. Rxf8+ {[%clk 0:01:49]} Rfxf8 {[%clk
0:00:09]} 22. Bxe6+ {[%clk 0:01:49]} Kh7 {[%clk 0:00:10]} 23. Bxf8 {[%clk
0:01:50]} Rxf8 {[%clk 0:00:11]} 24. f3 {[%clk 0:01:39]} Nh5 {[%clk 0:00:12]} 25.
Rd1 {[%clk 0:01:37]} Nb4 {[%clk 0:00:13]} 26. Rd7+ {[%clk 0:01:30]} Kh6 {[%clk
0:00:14]} 27. Bb3 {[%clk 0:01:31]} b6 {[%clk 0:00:11]} 28. axb6 {[%clk 0:01:07]}
axb6 {[%clk 0:00:12]} 29. Nd1 {[%clk 0:01:08]} Nf4 {[%clk 0:00:09]} 30. Kf2
{[%clk 0:01:03]} Nh5 {[%clk 0:00:04]} 31. Ne3 {[%clk 0:00:53]} Nf6 {[%clk
0:00:05]} 32. Rf7 {[%clk 0:00:54]} Rxf7 {[%clk 0:00:05]} 33. Bxf7 {[%clk
0:00:55]} Kg7 {[%clk 0:00:04]} 34. Bc4 {[%clk 0:00:47]} b5 {[%clk 0:00:06]} 35.
Be2 {[%clk 0:00:54]} Nd7 {[%clk 0:00:07]} 36. h4 {[%clk 0:00:49]} Nc5 {[%clk
0:00:07]} 37. Ke1 {[%clk 0:00:46]} Ne6 {[%clk 0:00:07]} 38. c3 {[%clk 0:00:45]}
Na6 {[%clk 0:00:08]} 39. g3 {[%clk 0:00:45]} Nac7 {[%clk 0:00:09]} 40. Bd1 {[%clk
0:00:46]} Nc5 {[%clk 0:00:08]} 41. Ke2 {[%clk 0:00:47]} N7e6 {[%clk 0:00:08]} 42.
b4 {[%clk 0:00:47]} Nd7 {[%clk 0:00:00]} 43. Bb3 {[%clk 0:00:48]} Nc7 {[%clk
0:00:00]} 44. Ng4 {[%clk 0:00:46]} c5 {[%clk 0:00:04]} 45. bxc5 {[%clk 0:00:44]}
Nxc5 {[%clk 0:00:06]} 46. Bc2 {[%clk 0:00:45]} Nd7 {[%clk 0:00:06]} 47. Bb3
{[%clk 0:00:44]} Nc5 {[%clk 0:00:07]} 48. Bd5 {[%clk 0:00:45]} Na4 {[%clk
0:00:06]} 49. Kd2 {[%clk 0:00:43]} Na6 50. Nxe5 {[%clk 0:00:43]} b4 {[%clk
0:00:08]} 51. cxb4 {[%clk 0:00:43]} Nxb4 {[%clk 0:00:08]} 52. Nd3 {[%clk
0:00:42]} Na6 {[%clk 0:00:06]} 53. Bc4 {[%clk 0:00:40]} Nc7 {[%clk 0:00:06]} 54.
f4 {[%clk 0:00:41]} Nb6 {[%clk 0:00:07]} 55. Bb3 {[%clk 0:00:41]} Nb5 56. Ke3
{[%clk 0:00:42]} Nd7 {[%clk 0:00:06]} 57. g4 {[%clk 0:00:42]} Nf6 58. Kd2 {[%clk
0:00:33]} Nxe4+ {[%clk 0:00:07]} 59. Ke1 {[%clk 0:00:32]} Nf6 {[%clk 0:00:07]}
60. g5 {[%clk 0:00:32]} Nh5 {[%clk 0:00:06]} 61. Kf2 {[%clk 0:00:29]} Nd4 {[%clk
0:00:07]} 62. Bd1 {[%clk 0:00:30]} Nf5 {[%clk 0:00:04]} 63. Bxh5 {[%clk 0:00:28]}
gxh5 {[%clk 0:00:04]} 64. Nc5 {[%clk 0:00:27]} Nxh4 {[%clk 0:00:06]} 65. Ne6+
{[%clk 0:00:26]} Kf7 {[%clk 0:00:07]} 66. Nd4 {[%clk 0:00:26]} Ng6 67. Kf3 {[%clk
0:00:26]} Ne7 68. f5 {[%clk 0:00:23]} h4 {[%clk 0:00:05]} 69. Kg4 {[%clk
0:00:22]} h3 {[%clk 0:00:06]} 70. Kxh3 {[%clk 0:00:13]} Nd5 {[%clk 0:00:06]} 71.
Kg4 {[%clk 0:00:13]} Ne3+ {[%clk 0:00:06]} 72. Kh5 {[%clk 0:00:21]} Kg7 {[%clk
0:00:06]} 73. Ne6+ {[%clk 0:00:20]} Kf7 {[%clk 0:00:07]} 74. Nd4 {[%clk 0:00:20]}
Kg7 {[%clk 0:00:09]} 75. f6+ {[%clk 0:00:15]} Kf7 {[%clk 0:00:10]} 76. Nc6 {[%clk
0:00:15]} Nd5 {[%clk 0:00:07]} 77. Ne5+ {[%clk 0:00:15]} Ke6 {[%clk 0:00:08]} 78.
Ng4 {[%clk 0:00:14]} Kf7 {[%clk 0:00:04]} 79. Kh6 {[%clk 0:00:15]} Nf4 {[%clk
0:00:06]} 80. Ne5+ {[%clk 0:00:06]} Ke6 {[%clk 0:00:06]} 81. f7 {[%clk 0:00:14]}
Ke7 {[%clk 0:00:08]} 82. Ng6+ {[%clk 0:00:10]} Kxf7 1-0

[Event "Campeonato de España Blitz 2017"]
[Site "Linares"]
[Date "2017.08.12"]
[Round "9"]
[White "Anton Guijarro, David"]
[Black "Bruzon Batista, Lazaro"]
[Result "0-1"]
[Board "1"]
[WhiteTitle "GM"]
[WhiteElo "2620"]
[WhiteCountry "ESP"]
[WhiteFideId "2285525"]
[WhiteEloChange "-4"]
[BlackTitle "GM"]
[BlackElo "2662"]
[BlackCountry "CUB"]
[BlackFideId "3503739"]
[BlackEloChange "4"]

1. Nf3 {[%clk 0:03:02]} d5 {[%clk 0:03:01]} 2. b3 {[%clk 0:03:03]} Bg4 {[%clk
0:02:52]} 3. e3 {[%clk 0:03:03]} Nd7 {[%clk 0:02:44]} 4. Bb2 {[%clk 0:03:03]} e6
{[%clk 0:02:45]} 5. d3 {[%clk 0:03:03]} Bxf3 {[%clk 0:02:33]} 6. Qxf3 {[%clk
0:03:01]} Ngf6 {[%clk 0:02:33]} 7. Nd2 {[%clk 0:02:58]} g6 {[%clk 0:02:27]} 8. g3
{[%clk 0:02:49]} Bg7 {[%clk 0:02:27]} 9. Bg2 {[%clk 0:02:40]} O-O {[%clk
0:02:28]} 10. Qe2 {[%clk 0:02:48]} Ne8 {[%clk 0:02:15]} 11. Bxg7 {[%clk 0:02:44]}
Nxg7 {[%clk 0:02:10]} 12. O-O {[%clk 0:02:37]} c6 {[%clk 0:02:11]} 13. c4 {[%clk
0:02:30]} a5 {[%clk 0:02:08]} 14. a3 {[%clk 0:02:29]} Qe7 {[%clk 0:02:04]} 15. d4
{[%clk 0:02:27]} Rfe8 {[%clk 0:02:01]} 16. Rfc1 {[%clk 0:02:24]} h5 {[%clk
0:01:58]} 17. Nf3 {[%clk 0:02:15]} Nf5 {[%clk 0:01:58]} 18. Qb2 {[%clk 0:02:04]}
Ra7 {[%clk 0:01:51]} 19. Nd2 {[%clk 0:01:39]} Rea8 {[%clk 0:01:22]} 20. Bh3
{[%clk 0:01:27]} Ng7 {[%clk 0:01:18]} 21. Re1 {[%clk 0:01:12]} Nf6 {[%clk
0:01:12]} 22. Nf3 {[%clk 0:00:54]} Rd8 {[%clk 0:01:08]} 23. c5 {[%clk 0:00:48]}
Rda8 {[%clk 0:01:00]} 24. b4 {[%clk 0:00:46]} axb4 {[%clk 0:00:49]} 25. axb4
{[%clk 0:00:47]} Nd7 {[%clk 0:00:31]} 26. Rxa7 {[%clk 0:00:44]} Rxa7 {[%clk
0:00:32]} 27. Ra1 {[%clk 0:00:44]} Rxa1+ {[%clk 0:00:30]} 28. Qxa1 {[%clk
0:00:45]} Qd8 {[%clk 0:00:22]} 29. Bf1 {[%clk 0:00:38]} b5 {[%clk 0:00:21]} 30.
Qa7 {[%clk 0:00:31]} Qc8 {[%clk 0:00:19]} 31. Bd3 {[%clk 0:00:28]} Ne8 {[%clk
0:00:19]} 32. h3 {[%clk 0:00:25]} Nef6 {[%clk 0:00:19]} 33. Nd2 {[%clk 0:00:23]}
Qb8 {[%clk 0:00:20]} 34. Qa6 {[%clk 0:00:19]} Qc7 {[%clk 0:00:21]} 35. Nb3 {[%clk
0:00:19]} Nb8 {[%clk 0:00:17]} 36. Qa8 {[%clk 0:00:18]} Kg7 {[%clk 0:00:17]} 37.
Na5 {[%clk 0:00:16]} Nfd7 {[%clk 0:00:16]} 38. e4 {[%clk 0:00:09]} Qc8 {[%clk
0:00:07]} 39. e5 {[%clk 0:00:08]} Qc7 {[%clk 0:00:09]} 40. h4 {[%clk 0:00:07]}
Qc8 {[%clk 0:00:10]} 41. Kg2 {[%clk 0:00:07]} Qc7 {[%clk 0:00:11]} 42. Nb3 {[%clk
0:00:07]} Qc8 {[%clk 0:00:12]} 43. Qa7 {[%clk 0:00:08]} Qa6 {[%clk 0:00:12]} 44.
Qc7 {[%clk 0:00:06]} Qa3 {[%clk 0:00:12]} 45. Bc2 {[%clk 0:00:05]} Qxb4 {[%clk
0:00:13]} 46. Bd1 {[%clk 0:00:04]} Qe1 {[%clk 0:00:14]} 47. Bf3 {[%clk 0:00:05]}
Qc3 {[%clk 0:00:14]} 48. Na5 {[%clk 0:00:06]} Qxd4 {[%clk 0:00:06]} 49. Nxc6
{[%clk 0:00:06]} Nxc6 {[%clk 0:00:06]} 50. Qxc6 {[%clk 0:00:07]} Nxe5 {[%clk
0:00:06]} 51. Qxb5 {[%clk 0:00:04]} Nd3 {[%clk 0:00:10]} 0-1

[Event "Campeonato de España Blitz 2017"]
[Site "Linares"]
[Date "2017.08.12"]
[Round "9"]
[White "Larino Nieto, David"]
[Black "Ladron De Guevara Pinto, Paolo"]
[Result "1-0"]
[Board "2"]
[WhiteTitle "GM"]
[WhiteElo "2595"]
[WhiteCountry "ESP"]
[WhiteFideId "2256444"]
[WhiteEloChange "2"]
[BlackTitle "FM"]
[BlackElo "2313"]
[BlackCountry "ESP"]
[BlackFideId "2290847"]
[BlackEloChange "-3"]

1. e4 {[%clk 0:03:02]} e5 {[%clk 0:03:03]} 2. Nf3 {[%clk 0:03:03]} Nc6 {[%clk
0:03:05]} 3. Bb5 {[%clk 0:03:03]} a6 {[%clk 0:03:06]} 4. Bxc6 {[%clk 0:03:04]}
dxc6 {[%clk 0:03:07]} 5. O-O {[%clk 0:03:04]} Bg4 {[%clk 0:03:07]} 6. h3 {[%clk
0:03:02]} Bh5 {[%clk 0:03:05]} 7. d3 {[%clk 0:03:01]} f6 {[%clk 0:02:59]} 8. Be3
{[%clk 0:03:01]} Qd7 {[%clk 0:02:53]} 9. Qe2 {[%clk 0:03:00]} Bd6 {[%clk
0:02:48]} 10. Nbd2 {[%clk 0:02:59]} Ne7 {[%clk 0:02:49]} 11. Nc4 {[%clk 0:03:00]}
O-O {[%clk 0:02:48]} 12. Rad1 {[%clk 0:02:52]} Bxf3 {[%clk 0:02:27]} 13. Qxf3
{[%clk 0:02:52]} Qe6 {[%clk 0:02:28]} 14. b3 {[%clk 0:02:49]} c5 {[%clk 0:02:29]}
15. Bc1 {[%clk 0:02:40]} Nc6 {[%clk 0:02:26]} 16. c3 {[%clk 0:02:38]} b5 {[%clk
0:02:10]} 17. Ne3 {[%clk 0:02:39]} Ne7 {[%clk 0:02:11]} 18. Qg4 {[%clk 0:02:37]}
Qxg4 {[%clk 0:02:08]} 19. hxg4 {[%clk 0:02:38]} g6 {[%clk 0:02:01]} 20. g3 {[%clk
0:02:39]} c6 {[%clk 0:02:02]} 21. Kg2 {[%clk 0:02:39]} a5 {[%clk 0:01:54]} 22. a4
{[%clk 0:02:33]} Rfd8 {[%clk 0:01:24]} 23. c4 {[%clk 0:02:18]} bxa4 {[%clk
0:01:09]} 24. bxa4 {[%clk 0:02:19]} Rdb8 {[%clk 0:01:10]} 25. g5 {[%clk 0:02:05]}
f5 {[%clk 0:00:38]} 26. f4 {[%clk 0:02:05]} Rf8 {[%clk 0:00:23]} 27. Bb2 {[%clk
0:01:46]} exf4 {[%clk 0:00:15]} 28. gxf4 {[%clk 0:01:47]} fxe4 {[%clk 0:00:15]}
29. Ng4 {[%clk 0:01:46]} Rxf4 {[%clk 0:00:17]} 30. Nh6+ {[%clk 0:01:41]} Kf8
{[%clk 0:00:15]} 31. Rxf4+ {[%clk 0:01:42]} Bxf4 {[%clk 0:00:06]} 32. Rf1 {[%clk
0:01:43]} exd3 {[%clk 0:00:04]} 33. Bc3 {[%clk 0:01:44]} Rb8 {[%clk 0:00:03]} 34.
Rxf4+ {[%clk 0:01:35]} Ke8 {[%clk 0:00:05]} 35. Rf3 {[%clk 0:01:37]} Rb3 {[%clk
0:00:05]} 36. Rxd3 {[%clk 0:01:36]} Ra3 {[%clk 0:00:06]} 37. Ng4 {[%clk 0:01:33]}
Rxa4 {[%clk 0:00:06]} 38. Nf6+ {[%clk 0:01:30]} Kf7 {[%clk 0:00:07]} 39. Ne4
{[%clk 0:01:28]} Nf5 {[%clk 0:00:07]} 40. Rd7+ {[%clk 0:01:26]} Ke6 {[%clk
0:00:07]} 41. Nxc5# {[%clk 0:01:26]} 1-0

[Event "Campeonato de España Blitz 2017"]
[Site "Linares"]
[Date "2017.08.12"]
[Round "9"]
[White "Santos Latasa, Jaime"]
[Black "Vazquez Igarza, Renier"]
[Result "1/2-1/2"]
[Board "3"]
[WhiteTitle "IM"]
[WhiteElo "2478"]
[WhiteCountry "ESP"]
[WhiteFideId "2293307"]
[WhiteEloChange "1"]
[BlackTitle "GM"]
[BlackElo "2577"]
[BlackCountry "ESP"]
[BlackFideId "3503054"]
[BlackEloChange "-1"]

1. d4 {[%clk 0:03:02]} d5 {[%clk 0:03:04]} 2. c4 {[%clk 0:03:03]} c6 {[%clk
0:03:05]} 3. Nf3 {[%clk 0:03:03]} Nf6 {[%clk 0:03:06]} 4. e3 {[%clk 0:03:00]} Bf5
{[%clk 0:03:07]} 5. Nc3 {[%clk 0:02:51]} e6 {[%clk 0:03:07]} 6. Nh4 {[%clk
0:02:59]} Be4 {[%clk 0:03:07]} 7. f3 {[%clk 0:02:55]} Bg6 {[%clk 0:03:08]} 8. Bd2
{[%clk 0:02:43]} Be7 {[%clk 0:02:58]} 9. Nxg6 {[%clk 0:02:42]} hxg6 {[%clk
0:02:59]} 10. g3 {[%clk 0:02:41]} a6 {[%clk 0:02:57]} 11. Kf2 {[%clk 0:02:27]}
Nbd7 {[%clk 0:02:42]} 12. Kg2 {[%clk 0:02:26]} dxc4 {[%clk 0:02:40]} 13. Bxc4
{[%clk 0:02:26]} b5 {[%clk 0:02:41]} 14. Be2 {[%clk 0:02:25]} c5 {[%clk 0:02:42]}
15. dxc5 {[%clk 0:02:21]} Nxc5 {[%clk 0:02:42]} 16. e4 {[%clk 0:02:16]} Nd3
{[%clk 0:02:23]} 17. Qc2 {[%clk 0:02:08]} Nb4 {[%clk 0:02:20]} 18. Qd1 {[%clk
0:02:09]} Nd3 {[%clk 0:02:14]} 19. Qc2 {[%clk 0:02:02]} Nb4 {[%clk 0:02:11]} 20.
Qd1 {[%clk 0:02:02]} Nd3 {[%clk 0:01:59]} 21. Qc2 {[%clk 0:02:02]} 1/2-1/2

[Event "Campeonato de España Blitz 2017"]
[Site "Linares"]
[Date "2017.08.12"]
[Round "9"]
[White "Moreno Ruiz, Javier"]
[Black "Dvirnyy, Danyyil"]
[Result "1/2-1/2"]
[Board "4"]
[WhiteTitle "IM"]
[WhiteElo "2444"]
[WhiteCountry "ESP"]
[WhiteFideId "2203146"]
[WhiteEloChange "2"]
[BlackTitle "GM"]
[BlackElo "2566"]
[BlackCountry "ITA"]
[BlackFideId "817570"]
[BlackEloChange "-2"]

1. d4 {[%clk 0:03:03]} d5 {[%clk 0:03:03]} 2. c4 {[%clk 0:03:04]} c6 {[%clk
0:03:05]} 3. cxd5 {[%clk 0:03:05]} cxd5 {[%clk 0:03:06]} 4. Bf4 {[%clk 0:03:06]}
Nc6 {[%clk 0:03:07]} 5. e3 {[%clk 0:03:07]} Nf6 {[%clk 0:03:08]} 6. Nc3 {[%clk
0:03:09]} Bf5 {[%clk 0:03:09]} 7. Qb3 {[%clk 0:03:09]} Na5 {[%clk 0:03:10]} 8.
Qa4+ {[%clk 0:03:10]} Bd7 {[%clk 0:03:11]} 9. Qc2 {[%clk 0:03:12]} e6 {[%clk
0:03:12]} 10. Nf3 {[%clk 0:03:11]} Be7 {[%clk 0:03:09]} 11. Bd3 {[%clk 0:02:42]}
Nh5 {[%clk 0:02:50]} 12. Be5 {[%clk 0:03:01]} f6 {[%clk 0:02:50]} 13. Bg3 {[%clk
0:02:57]} f5 {[%clk 0:02:40]} 14. Be5 {[%clk 0:02:53]} Nc6 {[%clk 0:02:40]} 15.
Qe2 {[%clk 0:02:46]} Nf6 {[%clk 0:02:34]} 16. O-O {[%clk 0:02:43]} O-O {[%clk
0:02:32]} 17. Rfc1 {[%clk 0:02:37]} Rc8 {[%clk 0:02:27]} 18. h3 {[%clk 0:02:31]}
Nxe5 {[%clk 0:02:27]} 19. Nxe5 {[%clk 0:02:32]} a6 {[%clk 0:02:24]} 20. Rc2
{[%clk 0:02:22]} Bd6 {[%clk 0:02:24]} 21. Rac1 {[%clk 0:02:16]} Qe7 {[%clk
0:02:25]} 22. a3 {[%clk 0:02:10]} Ne4 {[%clk 0:02:23]} 23. f3 {[%clk 0:02:00]}
Nxc3 {[%clk 0:02:07]} 24. Rxc3 {[%clk 0:02:00]} Rxc3 {[%clk 0:02:08]} 25. Rxc3
{[%clk 0:02:01]} Rc8 {[%clk 0:02:06]} 26. Qc2 {[%clk 0:01:52]} Rxc3 {[%clk
0:01:58]} 27. Qxc3 {[%clk 0:01:53]} Qd8 {[%clk 0:02:01]} 28. e4 {[%clk 0:01:32]}
fxe4 {[%clk 0:01:23]} 29. fxe4 {[%clk 0:01:23]} Bxe5 {[%clk 0:01:23]} 30. dxe5
{[%clk 0:01:33]} Qb6+ {[%clk 0:01:23]} 31. Kh2 {[%clk 0:01:02]} d4 {[%clk
0:01:24]} 32. Qb4 {[%clk 0:00:51]} Qc7 {[%clk 0:01:17]} 33. Qd6 {[%clk 0:00:46]}
Qxd6 {[%clk 0:00:59]} 34. exd6 {[%clk 0:00:47]} e5 {[%clk 0:01:00]} 35. Bc4+
{[%clk 0:00:48]} Kf8 {[%clk 0:01:01]} 36. Kg3 {[%clk 0:00:48]} g5 {[%clk
0:00:53]} 37. h4 {[%clk 0:00:38]} h6 {[%clk 0:00:54]} 38. hxg5 {[%clk 0:00:34]}
hxg5 {[%clk 0:00:55]} 39. b4 {[%clk 0:00:26]} Ke8 {[%clk 0:00:48]} 40. Kf3 {[%clk
0:00:25]} Bc8 {[%clk 0:00:45]} 41. Bd5 {[%clk 0:00:15]} Kd8 {[%clk 0:00:23]} 42.
Bc4 {[%clk 0:00:12]} b5 {[%clk 0:00:14]} 43. Bd3 {[%clk 0:00:11]} Be6 {[%clk
0:00:13]} 44. Ke2 {[%clk 0:00:04]} Kd7 {[%clk 0:00:14]} 45. Kd2 {[%clk 0:00:06]}
Kxd6 {[%clk 0:00:16]} 46. Be2 {[%clk 0:00:04]} g4 {[%clk 0:00:13]} 47. g3 {[%clk
0:00:05]} 1/2-1/2

[Event "Campeonato de España Blitz 2017"]
[Site "Linares"]
[Date "2017.08.12"]
[Round "9"]
[White "Forcen Esteban, Daniel"]
[Black "Valles Moreno, Ivan"]
[Result "1-0"]
[Board "5"]
[WhiteTitle "GM"]
[WhiteElo "2515"]
[WhiteCountry "ESP"]
[WhiteFideId "2288230"]
[WhiteEloChange "4"]
[BlackTitle "IM"]
[BlackElo "2437"]
[BlackCountry "ESP"]
[BlackFideId "2205688"]
[BlackEloChange "-4"]

1. d4 {[%clk 0:03:02]} Nf6 {[%clk 0:03:04]} 2. c4 {[%clk 0:03:03]} g6 {[%clk
0:03:05]} 3. Nc3 {[%clk 0:03:04]} Bg7 {[%clk 0:03:06]} 4. e4 {[%clk 0:02:56]} d6
{[%clk 0:03:06]} 5. Nge2 {[%clk 0:03:06]} e5 {[%clk 0:03:09]} 6. d5 {[%clk
0:03:06]} Nbd7 {[%clk 0:03:10]} 7. Ng3 {[%clk 0:03:07]} h5 {[%clk 0:03:11]} 8. h4
{[%clk 0:03:05]} Nf8 {[%clk 0:03:10]} 9. Be3 {[%clk 0:02:54]} N8h7 {[%clk
0:03:04]} 10. f3 {[%clk 0:02:54]} a5 {[%clk 0:03:01]} 11. Be2 {[%clk 0:02:47]}
Nd7 {[%clk 0:03:03]} 12. Nf1 {[%clk 0:02:40]} Nc5 {[%clk 0:03:03]} 13. Qc2 {[%clk
0:02:28]} Bd7 {[%clk 0:03:00]} 14. O-O-O {[%clk 0:02:27]} a4 {[%clk 0:03:01]} 15.
Kb1 {[%clk 0:02:26]} O-O {[%clk 0:02:56]} 16. g4 {[%clk 0:02:18]} hxg4 {[%clk
0:02:48]} 17. fxg4 {[%clk 0:02:27]} Nf6 {[%clk 0:02:49]} 18. Rg1 {[%clk 0:02:18]}
Qc8 {[%clk 0:02:36]} 19. Nh2 {[%clk 0:02:15]} c6 {[%clk 0:02:28]} 20. dxc6 {[%clk
0:01:39]} Qxc6 {[%clk 0:02:24]} 21. Bf3 {[%clk 0:01:35]} Ne6 {[%clk 0:02:02]} 22.
Nd5 {[%clk 0:01:25]} Rfe8 {[%clk 0:01:52]} 23. g5 {[%clk 0:01:26]} Nh7 {[%clk
0:01:48]} 24. Ng4 {[%clk 0:01:20]} Nd4 {[%clk 0:01:49]} 25. Bxd4 {[%clk 0:01:17]}
exd4 {[%clk 0:01:49]} 26. Ngf6+ {[%clk 0:01:10]} Nxf6 {[%clk 0:01:50]} 27. gxf6
{[%clk 0:01:10]} Bh6 {[%clk 0:01:38]} 28. e5 {[%clk 0:00:41]} Qc8 {[%clk
0:01:25]} 29. Rxg6+ {[%clk 0:00:38]} Kf8 {[%clk 0:01:12]} 30. Rxh6 {[%clk
0:00:39]} 1-0

[Event "Campeonato de España Blitz 2017"]
[Site "Linares"]
[Date "2017.08.12"]
[Round "9"]
[White "Rubio Mejia, Luis Ignacio"]
[Black "Vallejo Pons, Francisco"]
[Result "0-1"]
[Board "6"]
[WhiteTitle "IM"]
[WhiteElo "2443"]
[WhiteCountry "ESP"]
[WhiteFideId "2281228"]
[WhiteEloChange "-2"]
[BlackTitle "GM"]
[BlackElo "2677"]
[BlackCountry "ESP"]
[BlackFideId "2205530"]
[BlackEloChange "2"]

1. d4 {[%clk 0:03:02]} e6 {[%clk 0:03:04]} 2. c4 {[%clk 0:03:03]} f5 {[%clk
0:03:05]} 3. Nf3 {[%clk 0:03:03]} Nf6 {[%clk 0:03:06]} 4. g3 {[%clk 0:03:04]} d5
{[%clk 0:03:04]} 5. Qc2 {[%clk 0:03:04]} Bd6 {[%clk 0:03:02]} 6. Bg2 {[%clk
0:03:04]} O-O {[%clk 0:03:02]} 7. O-O {[%clk 0:03:04]} c6 {[%clk 0:03:01]} 8. b3
{[%clk 0:03:04]} Qe7 {[%clk 0:03:01]} 9. Bb2 {[%clk 0:02:59]} b6 {[%clk 0:02:55]}
10. Nbd2 {[%clk 0:02:52]} Bb7 {[%clk 0:02:55]} 11. Ne5 {[%clk 0:02:50]} Rc8
{[%clk 0:02:49]} 12. Rac1 {[%clk 0:02:12]} Nbd7 {[%clk 0:02:48]} 13. Qb1 {[%clk
0:02:04]} Ne4 {[%clk 0:02:39]} 14. Rfd1 {[%clk 0:01:24]} Nxe5 {[%clk 0:02:27]}
15. dxe5 {[%clk 0:01:21]} Bb4 {[%clk 0:02:26]} 16. Nf3 {[%clk 0:01:01]} a5 {[%clk
0:02:27]} 17. Nd4 {[%clk 0:00:47]} Bc5 {[%clk 0:02:07]} 18. a3 {[%clk 0:00:28]}
Re8 {[%clk 0:01:49]} 19. Qa1 {[%clk 0:00:24]} Rad8 {[%clk 0:01:31]} 20. e3 {[%clk
0:00:23]} h5 {[%clk 0:01:26]} 21. Nc2 {[%clk 0:00:20]} h4 {[%clk 0:00:46]} 22.
Bd4 {[%clk 0:00:14]} Ba6 {[%clk 0:00:38]} 23. Bxc5 {[%clk 0:00:09]} bxc5 {[%clk
0:00:33]} 24. Ne1 {[%clk 0:00:07]} a4 {[%clk 0:00:30]} 25. cxd5 {[%clk 0:00:06]}
cxd5 {[%clk 0:00:27]} 26. bxa4 {[%clk 0:00:06]} hxg3 {[%clk 0:00:24]} 27. hxg3
{[%clk 0:00:08]} Be2 {[%clk 0:00:25]} 28. Nd3 {[%clk 0:00:06]} Bxd1 {[%clk
0:00:24]} 29. Rxd1 {[%clk 0:00:07]} Ra8 {[%clk 0:00:20]} 30. Nf4 {[%clk 0:00:05]}
Rxa4 {[%clk 0:00:19]} 31. Qc1 {[%clk 0:00:04]} c4 {[%clk 0:00:17]} 32. Ne2 {[%clk
0:00:04]} Qxa3 {[%clk 0:00:09]} 0-1